| 000 | 00810nam a2200193 a 4500 | ||
|---|---|---|---|
| 005 | 20210219160400.0 | ||
| 008 | 081028s1983 mx r 000 0 spa d | ||
| 035 | _aUPN01000164424 | ||
| 049 | _aUNE | ||
| 080 | _a372. 461 (81) =40 GOM. | ||
| 100 | 1 | _aGomes de Matos, Francisco | |
| 245 | 1 | 0 |
_aListe recapitulative de criteres pluridisciplinaires applicables a l'evaluation du materiel destine a l'enseignement et a l'apprentissagede la langue maternelle dans les etablissements du premieret du second degre au Brasil / _cFrancisco Gomes de Matos. |
| 260 |
_aParis : _bUNESCO, _c1983. |
||
| 300 | _a26 p. | ||
| 440 | 0 | _aED- 83/WS/21 | |
| 690 | _aEnseñanza de la lengua materna- Brasil | ||
| 690 | _aUNESCO. Division des structures, contenus, méthodes et techniques de l'éducation. | ||
| 905 | _aUNESCO | ||
| 999 |
_c136536 _d136536 |
||